000 00305nam a22001337a 4500
008 170830b xxu||||| |||| 00| 0 eng d
020 _a9780766820791
041 _aeng
080 _a070
100 _a40
101 _aMED
245 _aUNDERSTANDING DIGITAL PHOTOGRAPHY
_cIPPOLITO,J,A
942 _2udc
_cBK
999 _c25662
_d25662